पवित्र पाप: (Record no. 212483)

MARC details
000 -LEADER
fixed length control field 00899nam a22002057a 4500
005 - DATE AND TIME OF LATEST TRANSACTION
control field 20251010142100.0
010 ## - LCCN (DPL NO)
LC control number HIN-129950
020 ## - INTERNATIONAL STANDARD BOOK NUMBER
International Standard Book Number 9789392228339
Terms of availability 400.00
035 ## - SYSTEM CONTROL NUMBER
System control number HN-102296
037 ## - SOURCE OF ACQUISITION
Source of stock number/acquisition DBAD
082 ## - DEWEY DECIMAL CLASSIFICATION NUMBER
Edition number प्रथम
100 ## - MAIN ENTRY--PERSONAL NAME
Personal name सुशोभित
245 ## - TITLE STATEMENT
Title पवित्र पाप:
Statement of responsibility, etc सुशोभित
Remainder of title स्त्री-पुरुष संबंध के समीकरणों पर संवाद
250 ## - EDITION STATEMENT
Edition statement प्रथम
260 ## - PUBLICATION, DISTRIBUTION, ETC. (IMPRINT)
Place of publication, distribution, etc नोएडा
Name of publisher, distributor, etc सेतु प्रकाशन प्रा. लि.
Date of publication, distribution, etc 2022
270 ## - ADDRESS
Address सी-21, सेक्टर-65, नोएडा (उत्तर प्रदेश)
City नोएडा
Postal code 201301
300 ## - PHYSICAL DESCRIPTION
Extent 176 पृ.
Dimensions 20.3 सेमी (अजिल्द )
700 ## - ADDED ENTRY--PERSONAL NAME
Personal name सुशोभित
9 (RLIN) 83165
942 ## - ADDED ENTRY ELEMENTS (KOHA)
Source of classification or shelving scheme Dewey Decimal Classification
Item type Hindi Books
Classification part 305.4
Call number suffix सुशोभि
Holdings
Withdrawn status Lost status Not for loan Collection code Home library Current library Date acquired Source of acquisition Cost, normal purchase price Full call number Barcode Copy number Cost, replacement price Koha item type
      Non-fiction Central Library Central Library 23/07/2025 DBAD 400.00 305.4 सुशोभि HN-102296 1 400.00 Hindi Books

© Delhi Public Library
Hit Counter
free hit counter